000 00834nam a22002417a 4500
999 _c2766
_d2766
003 AR-CdUCM
008 190305b ||||| |||| 00| 0 spa d
020 _a950-694-150-5
040 _aMUNICIPALIDAD PROVINCIAL DEL CUSCO
_cBIBLIOTECA MUNICIPAL DEL CUSCO
041 _heng
082 _a363.7 /
_bB45
100 _aBerger, John J
_99643
245 _aLa Naturaleza Herida :
_bIniciativas para Recuperar la Tierra /
260 _aBuenos Aires :
_bGrupo editor latinoamericano,
_c1991.
300 _a199 paginas ;
_c23cm.
505 _aContenido- Aguas Brillantes -- Nuevas Tierras -- La renovacion de la vida silvestre -- Asentamientos humanos
650 _aEcologia
_94960
650 _aObras de divulgación
_99644
650 _aLatinoamerica
_94398
700 _aPiña, Cristina
_99645
942 _2ddc
_cLIBROS
945 _apjha